[Event "Liape ch-1 zone-A gr-08 email"]
[Site "Liape email"]
[Date "2002.12.31"]
[Round "1"]
[White "Freire, Daniel J"]
[Black "Valverde, Alan"]
[Result "1/2-1/2"]
[WhiteElo "2154"]
[BlackElo "1822"]
[PlyCount "20"]
[EventDate "2003.??.??"]
[EventType "tourn (corr)"]
[EventRounds "6"]
[EventCountry "ARG"]
[SourceTitle "Corr 2006"]
[Source "ChessBase"]
[SourceDate "2006.04.01"]
[SourceVersion "3"]
[SourceVersionDate "2006.04.01"]
[SourceQuality "1"]

1. c4 c6 2. e4 e6 3. d4 d5 4. Nc3 dxe4 5. Nxe4 Nf6 6. Nxf6+ Qxf6 7. Nf3 Bb4+ 8. Bd2 Bxd2+ 9. Qxd2 0-0 10. Be2 Nd7 1/2-1/2